000 00566nam a2200193Ia 4500
005 20250508163650.0
008 008 250505s9999 xx 000 0 eng d
020 _a0-304-33828-1
037 _aTextual
040 _aFEDL
_beng
_cFEDL
041 _aeng
_2eng
084 _a153.42, NEL
_qFEDL
100 _aNelson - Jones Rchard
_9775922
245 0 _aEffective thinking skills: Preventing and managing personal problems
260 _aLondon, UK
_bCassell
_c1996
300 _axii,225p
942 _cTEXL
_h153.42, NEL
999 _c1384590
_d1384590